| 000 | 00903nam a22002177a 4500 | ||
|---|---|---|---|
| 999 |
_c5499 _d5499 |
||
| 003 | AR-CdUCM | ||
| 008 | 190312b ||||| |||| 00| 0 spa d | ||
| 040 |
_aMUNICIPALIDAD PROVINCIAL DEL CUSCO _cBIBLIOTECA MUNICIPAL DEL CUSCO |
||
| 082 |
_a305.897 / _bB94 |
||
| 100 |
_aBurgos Debray, Elizabeth _916496 |
||
| 245 | _aMe llamo Rigoberta Menchú / | ||
| 260 |
_aLa Habana : _bCasa de las Américas, _c1983. |
||
| 300 |
_a400 páginas ; _c19 cm. |
||
| 500 | _aDonación familia Luis Nieto | ||
| 505 | _aContenido: La familia -- Ceremonias del nacimiento -- EL nahual -- Primer viaje a la finca. Vida en la finca -- Corte de mimbre. Primer viaje a la capital -- A los ocho años comienza a trabajar en la finca como asalariado... | ||
| 650 |
_aIndígenas quichés _916497 |
||
| 650 |
_aCondiciones sociales _91132 |
||
| 650 |
_aVida y costumbres sociales _9857 |
||
| 942 |
_2ddc _cLIBROS |
||
| 945 | _adavv | ||